Darth Plagueis The Wise - Statistics

General Stats
  • This quiz has been taken 472 times
  • The average score is 98 of 138
Answer Stats
Answer % Correct
a
97%
the
97%
The
97%
he
96%
He
96%
you
95%
you.
95%
Darth
94%
Wise?
94%
wise
94%
Did
93%
did.
93%
ever
93%
hear
93%
of
93%
Plagueis
93%
I
91%
story
84%
Jedi
81%
not.
81%
not
81%
Sith
79%
Sith,
79%
tell
78%
tragedy
77%
was
77%
would
76%
death
75%
It's
75%
could
73%
Lord
73%
power,
73%
Dark
72%
dark
72%
so
71%
him
70%
to
69%
from
68%
his
68%
and
67%
apprentice
67%
in
67%
powerful
67%
powerful...
67%
Force
66%
killed
66%
save
66%
but
65%
legend.
65%
thought
64%
life...
63%
sleep.
63%
himself
61%
side
60%
be
59%
Ironic.
58%
is
58%
others
58%
use
53%
create
50%
even
48%
ones
48%
about
47%
dying.
47%
some
45%
unnatural.
45%
midichlorians
44%
became
43%
consider
43%
many
43%
abilities
42%
pathway
42%
that
42%
knew,
41%
taught
41%
cared
39%
everything
39%
had
38%
then
38%
thing
38%
course,
37%
losing
37%
only
37%
afraid
35%
which
34%
influence
33%
keep
32%
such
31%
eventually,
30%
knowledge
29%
Unfortunately,
19%
No matching quizzes found
Score Distribution
Percent of People with Each Score
Percentile by Number Answered
Your Score History
You have not taken this quiz